基督徒身为光的生活 (Record no. 39313)
[ view plain ]
| 000 -LEADER | |
|---|---|
| fixed length control field | 00234nam a22000977a 4500 |
| 008 - FIXED-LENGTH DATA ELEMENTS--GENERAL INFORMATION | |
| fixed length control field | 150704b xxu||||| |||| 00| 0 eng d |
| 050 ## - LIBRARY OF CONGRESS CALL NUMBER | |
| Classification number | BT30.T28 |
| 245 ## - TITLE STATEMENT | |
| Title | 基督徒身为光的生活 |
| Statement of responsibility, etc | 刘约翰 |
| 300 ## - PHYSICAL DESCRIPTION | |
| Extent | 261 p |
| 942 ## - ADDED ENTRY ELEMENTS (KOHA) | |
| Source of classification or shelving scheme | Library of Congress Classification |
| Item type | Books |
| Withdrawn status | Lost status | Source of classification or shelving scheme | Damaged status | Not for loan | Home library | Current library | Date acquired | Accession number | Total Checkouts | Full call number | Barcode | Date last seen | Price effective from | Koha item type |
|---|---|---|---|---|---|---|---|---|---|---|---|---|---|---|
| Library of Congress Classification | BSOP Library | BSOP Library | 07/04/2015 | C-14568 | CH BT30.T28 L56 | 00046972 | 07/04/2015 | 07/04/2015 | Books |
